000 00512nam a2200193 a 4500
001 1755155983716
003 ACL
005 20250814125237.0
008 250814s2009##################000#0#eng##
020 _a9781108002318
082 0 4 _a730.92
_bESD
100 1 _aEsdaile, Katherine Ada McDowall,
_eauthor.
245 1 0 _aRoubiliac's Work at Trinity College Cambridge :
260 _bCambridge University Press,
_c2009.
300 _a68 pages
650 0 _aArt.
942 _cENGLISH
040 _aACL
_beng
_cACL
999 _c582278
_d582278